[Event "Czech Open Rapid 2019"]
[Site "Pardubice"]
[Date "2019.07.18"]
[Round "4.27"]
[White "Dobes, Vojtech"]
[Black "Nun, Jiri"]
[Result "0-1"]
[WhiteElo "2092"]
[BlackElo "2296"]
[Annotator "NA"]
[PlyCount "48"]
[EventDate "2019.07.17"]
[EventType "swiss"]
[EventCountry "CZE"]
[SourceTitle "playchess.com"]
[Source "ChessBase"]
[SourceQuality "1"]

1. e4 c5 2. Nf3 Nc6 3. d4 cxd4 4. Nxd4 e5 5. Nb5 d6 6. N1c3 a6 7. Na3 Be6 8. Nc4 Rc8 9. Ne3 Nf6 10. g3 Nd4 11. Bg2 h5 12. Ncd5 h4 13. O-O hxg3 14. hxg3 Nxd5 15. exd5 Bd7 16. c3 Nf5 17. a4 Qf6 18. Nxf5 Bxf5 19. Be3 Qg6 20. a5 Be7 21. Ra4 Qh7 22. Re1 Bc2 23. Qa1 Qh2+ 24. Kf1 Bd3+ 0-1

[Event "Czech Open Rapid 2019"]
[Site "Pardubice"]
[Date "2019.07.18"]
[Round "4.28"]
[White "Strebkovs, Andrejs"]
[Black "Lymar, Vladislav"]
[Result "1/2-1/2"]
[WhiteElo "2295"]
[BlackElo "2050"]
[Annotator "TA"]
[PlyCount "160"]
[EventDate "2019.07.17"]
[EventType "swiss"]
[EventCountry "CZE"]
[SourceTitle "playchess.com"]
[Source "ChessBase"]
[SourceQuality "1"]

1. d4 Nf6 2. Bf4 c5 3. e3 g6 4. Nd2 Bg7 5. c3 O-O 6. h3 b6 7. Ngf3 Bb7 8. a4 Ba6 9. Bb5 Bxb5 10. axb5 d6 11. O-O Nd5 12. Bh2 Nc7 13. Qb3 Qd7 14. c4 a6 15. bxa6 Rxa6 16. d5 b5 17. e4 bxc4 18. Nxc4 f6 19. Qb7 Rxa1 20. Rxa1 Nb5 21. Qb6 Rc8 22. Ra8 Qe8 23. Na5 c4 24. Qb7 Nc7 25. Nc6 Nxa8 26. Nxe7+ Kh8 27. Nxc8 Qa4 28. Bxd6 Nd7 29. Ne7 Bf8 30. e5 Bxe7 31. Bxe7 fxe5 32. Ng5 Nab6 33. Qc6 Qd1+ 34. Kh2 Qxd5 35. Qc7 h6 36. Nf3 Qe6 37. Bc5 Nxc5 38. Qxc5 Nd7 39. Qc8+ Kg7 40. Nd2 Qf5 41. Qxc4 Qxf2 42. Qd5 Qf4+ 43. Kg1 Qe3+ 44. Kf1 Qf4+ 45. Ke2 Nf6 46. Qb7+ Kg8 47. Qc8+ Kf7 48. Qc7+ Kf8 49. Qc4 e4 50. b4 Qg3 51. Qc5+ Kf7 52. Qc4+ Ke7 53. b5 Qxg2+ 54. Kd1 Qg1+ 55. Kc2 e3 56. Qc5+ Ke6 57. Nc4 Qf2+ 58. Kb3 Qf1 59. Qxe3+ Kf7 60. Nd6+ Kf8 61. Nc4 Qb1+ 62. Nb2 Qf5 63. b6 Qb5+ 64. Kc2 Nd5 65. Qxh6+ Kf7 66. Qh7+ Kf6 67. Qh8+ Kf7 68. b7 Nb4+ 69. Kd2 Qd5+ 70. Ke3 Nc2+ 71. Kf2 Qd2+ 72. Kf3 Qe3+ 73. Kg2 Qe2+ 74. Kg3 Qe1+ 75. Kg2 Qe4+ 76. Kg3 Qe3+ 77. Kg4 Qe4+ 78. Kg3 Qe3+ 79. Kg2 Qe2+ 80. Kg3 Qe3+ 1/2-1/2

[Event "Czech Open Rapid 2019"]
[Site "Pardubice"]
[Date "2019.07.18"]
[Round "4.28"]
[White "Mojzis, Jaroslav"]
[Black "Kopriva, Martin"]
[Result "1-0"]
[WhiteElo "2095"]
[BlackElo "2031"]
[Annotator "NA RC"]
[PlyCount "67"]
[EventDate "2019.07.17"]
[EventType "swiss"]
[EventCountry "CZE"]
[SourceTitle "playchess.com"]
[Source "ChessBase"]
[SourceQuality "1"]

1. d4 Nf6 2. Bf4 g6 3. Nc3 d5 4. Qd2 h5 5. Nf3 c6 6. e3 Bg7 7. Bd3 Nbd7 8. h3 b5 9. a3 Qb6 10. e4 dxe4 11. Nxe4 Nxe4 12. Bxe4 Nf6 13. Bd3 Nd5 14. c3 Bb7 15. O-O Nxf4 16. Qxf4 O-O 17. Rfe1 e6 18. Ne5 Rad8 19. Be4 c5 20. dxc5 Qa6 21. b4 Bxe4 22. Qxe4 Qc8 23. f4 Rd2 24. Rad1 Rfd8 25. Rxd2 Rxd2 26. Re3 Ra2 27. Rd3 Rxa3 28. c6 Ra6 29. Rd7 Bxe5 30. Qxe5 Rxc6 31. Qd4 e5 32. Qd5 Kh7 33. Qxf7+ Kh8 34. Qg7# 1-0

[Event "Czech Open Rapid 2019"]
[Site "Pardubice"]
[Date "2019.07.18"]
[Round "4.29"]
[White "Valenta, Vit"]
[Black "Ludvik, Tomas"]
[Result "0-1"]
[WhiteElo "2147"]
[BlackElo "2334"]
[Annotator "TA"]
[PlyCount "134"]
[EventDate "2019.07.17"]
[EventType "swiss"]
[EventCountry "CZE"]
[SourceTitle "playchess.com"]
[Source "ChessBase"]
[SourceQuality "1"]

1. b4 d5 2. Bb2 Nf6 3. Nf3 Bf5 4. d3 e6 5. a3 Nbd7 6. Nbd2 h6 7. g3 a5 8. b5 Bd6 9. Bg2 Bh7 10. O-O O-O 11. c4 Nb6 12. a4 Qe7 13. Qc1 c5 14. Be5 Nbd7 15. Bxd6 Qxd6 16. Re1 d4 17. Nf1 e5 18. N3d2 Qc7 19. Qc2 Ne8 20. e4 g6 21. Nf3 f5 22. exf5 gxf5 23. Nh4 Nd6 24. Nd2 Rae8 25. Re2 Re7 26. Rae1 Rfe8 27. f4 b6 28. Bc6 Nf7 29. fxe5 Nfxe5 30. Bd5+ Kg7 31. Ndf3 Nf6 32. Nxe5 Rxe5 33. Bc6 R8e7 34. Qd2 Ng4 35. Rxe5 Rxe5 36. Ng2 Qe7 37. Rxe5 Qxe5 38. Bf3 Ne3 39. Qe2 Kf6 40. Nf4 Bg6 41. Kf2 Bf7 42. Qd2 Qe7 43. Ng2 Qe5 44. Nxe3 dxe3+ 45. Qxe3 Qxe3+ 46. Kxe3 Ke5 47. Bc6 Bh5 48. h3 Bd1 49. Bf3 Bxa4 50. Kd2 Kd4 51. Bc6 Bb3 52. Bd7 a4 53. Bxf5 a3 54. Kc1 Kc3 55. Kb1 Bc2+ 56. Ka2 Bxd3 57. Bxd3 Kxd3 58. g4 Kxc4 59. h4 Kd5 60. Kxa3 Ke5 61. Kb3 Kf4 62. g5 hxg5 63. hxg5 Kxg5 64. Kc4 Kf4 65. Kd5 Kf5 66. Kc6 c4 67. Kxb6 c3 0-1

[Event "Czech Open Rapid 2019"]
[Site "Pardubice"]
[Date "2019.07.18"]
[Round "4.29"]
[White "Karalkin, Maksim"]
[Black "Sarkar, Justin"]
[Result "0-1"]
[WhiteElo "2091"]
[BlackElo "2278"]
[Annotator "NA"]
[PlyCount "74"]
[EventDate "2019.07.17"]
[EventType "swiss"]
[EventCountry "CZE"]
[SourceTitle "playchess.com"]
[Source "ChessBase"]
[SourceQuality "1"]

1. e4 e5 2. Nf3 Nc6 3. Nc3 Nf6 4. d4 exd4 5. Nxd4 Bb4 6. Nxc6 bxc6 7. Bd3 d5 8. exd5 cxd5 9. O-O O-O 10. h3 c6 11. Qf3 Be6 12. Bf4 Bd6 13. Ne2 Re8 14. Rfe1 c5 15. c3 Rb8 16. b3 h6 17. Rad1 a5 18. Bxd6 Qxd6 19. Qf4 Rbd8 20. Qxd6 Rxd6 21. Nf4 g5 22. Nxe6 Rdxe6 23. Rxe6 Rxe6 24. Kf1 Kf8 25. g3 Ke7 26. Re1 Rxe1+ 27. Kxe1 Ke6 28. Ke2 Ke5 29. a3 Ne4 30. Bxe4 Kxe4 31. b4 axb4 32. cxb4 cxb4 33. axb4 Kd4 34. f4 gxf4 35. g4 Kc4 36. h4 d4 37. g5 h5 0-1

[Event "Czech Open Rapid 2019"]
[Site "Pardubice"]
[Date "2019.07.18"]
[Round "4.30"]
[White "Punin, Andrii"]
[Black "Poleg, Matan"]
[Result "1/2-1/2"]
[WhiteElo "2271"]
[BlackElo "2029"]
[Annotator "NA"]
[PlyCount "82"]
[EventDate "2019.07.17"]
[EventType "swiss"]
[EventCountry "CZE"]
[SourceTitle "playchess.com"]
[Source "ChessBase"]
[SourceQuality "1"]

1. e4 e5 2. Nf3 Nc6 3. Bc4 Bc5 4. c3 Nf6 5. d4 exd4 6. e5 d5 7. Bb5 Ne4 8. cxd4 Bb6 9. Nc3 O-O 10. Be3 f5 11. exf6 Nxf6 12. Bxc6 bxc6 13. Ne5 Ba6 14. Qa4 Qc8 15. h3 Re8 16. O-O-O c5 17. dxc5 Rxe5 18. cxb6 axb6 19. Qd4 Re6 20. Nxd5 Nxd5 21. Qxd5 Bb7 22. Qd7 Qxd7 23. Rxd7 Rxa2 24. Kc2 Be4+ 25. Kb3 Ra5 26. Rxc7 Bxg2 27. Rg1 Rg6 28. Kc3 Rh5 29. Bxb6 Rxb6 30. Rxg2 Rxh3+ 31. Kc2 g6 32. Rg3 Rh2 33. Rf3 h5 34. b3 h4 35. Kb2 Re6 36. Ka3 Re2 37. Rff7 Rexf2 38. Rg7+ Kf8 39. Rh7 Kg8 40. Rcg7+ Kf8 41. Rxg6 Rf7 1/2-1/2

[Event "Czech Open Rapid 2019"]
[Site "Pardubice"]
[Date "2019.07.18"]
[Round "4.30"]
[White "Chovanec, Vladimir"]
[Black "BROZKA JUN, Karel"]
[Result "1/2-1/2"]
[WhiteElo "2047"]
[BlackElo "1709"]
[Annotator "NA RC"]
[PlyCount "89"]
[EventDate "2019.07.17"]
[EventType "swiss"]
[EventCountry "CZE"]
[SourceTitle "playchess.com"]
[Source "ChessBase"]
[SourceQuality "1"]

1. Nf3 Nf6 2. b3 d5 3. Bb2 Bf5 4. d3 e6 5. Nbd2 Nbd7 6. g3 c6 7. Bg2 Bd6 8. O-O Qc7 9. c4 O-O-O 10. Rc1 h5 11. cxd5 exd5 12. Nd4 Bg6 13. Nb5 Qb8 14. Nxd6+ Qxd6 15. e4 dxe4 16. Nxe4 Nxe4 17. dxe4 Qxd1 18. Rfxd1 f6 19. f3 Rhe8 20. Bh3 Kc7 21. Kf2 Bf7 22. Rd2 Ne5 23. Rcd1 Rxd2+ 24. Rxd2 Rd8 25. Rxd8 Kxd8 26. Ke3 Ke7 27. Ba3+ Kd8 28. Bg2 Be6 29. h3 b6 30. f4 Nd7 31. h4 c5 32. Bb2 Kc7 33. Bf1 Nb8 34. e5 f5 35. Bb5 Nc6 36. Bc3 Kb7 37. Kd2 a6 38. Be2 g6 39. Bf3 Kc7 40. Kc2 b5 41. a3 Kb6 42. Bg2 b4 43. Bxc6 Kxc6 44. axb4 cxb4 45. Bxb4 1/2-1/2

[Event "Czech Open Rapid 2019"]
[Site "Pardubice"]
[Date "2019.07.18"]
[Round "4.31"]
[White "Grabinsky, Vladimir"]
[Black "Flajsman, Pavel"]
[Result "0-1"]
[WhiteElo "2257"]
[BlackElo "1994"]
[Annotator "NA"]
[PlyCount "54"]
[EventDate "2019.07.17"]
[EventType "swiss"]
[EventCountry "CZE"]
[SourceTitle "playchess.com"]
[Source "ChessBase"]
[SourceQuality "1"]

1. e4 c5 2. b3 Nc6 3. Bb2 d6 4. f4 e6 5. Nf3 Nf6 6. Nc3 Be7 7. d4 cxd4 8. Nxd4 a6 9. Be2 Qc7 10. g4 Nd7 11. g5 Nf8 12. Qd2 Bd7 13. O-O-O O-O-O 14. h4 Rg8 15. Kb1 Nxd4 16. Qxd4 Qc5 17. Qxc5+ dxc5 18. h5 Bc6 19. Rxd8+ Kxd8 20. Rd1+ Kc7 21. e5 Nd7 22. Bd3 h6 23. g6 f5 24. Bc4 Nf8 25. a4 Bf3 26. Rg1 Bxh5 27. a5 Bxg6 0-1

[Event "Czech Open Rapid 2019"]
[Site "Pardubice"]
[Date "2019.07.18"]
[Round "4.31"]
[White "Svizensky, Lubos"]
[Black "Pacl, Vaclav"]
[Result "1/2-1/2"]
[WhiteElo "1945"]
[BlackElo "2059"]
[Annotator "NA RC"]
[PlyCount "54"]
[EventDate "2019.07.17"]
[EventType "swiss"]
[EventCountry "CZE"]
[SourceTitle "playchess.com"]
[Source "ChessBase"]
[SourceQuality "1"]

1. Nf3 e6 2. g3 f5 3. Bg2 Nf6 4. O-O Be7 5. c4 O-O 6. Nc3 d6 7. d4 Ne4 8. Qc2 Nxc3 9. Qxc3 Bf6 10. Re1 Nc6 11. e4 e5 12. dxe5 dxe5 13. Qb3 fxe4 14. Rxe4 Bf5 15. c5+ Kh8 16. Ra4 e4 17. Nh4 Bxh4 18. gxh4 Nd4 19. Qd1 Nf3+ 20. Bxf3 exf3 21. Qxd8 Raxd8 22. Be3 a6 23. Rb4 Bc8 24. h3 Rf6 25. Kh2 Rg6 26. Rg1 Rxg1 27. Kxg1 h5 1/2-1/2

[Event "Czech Open Rapid 2019"]
[Site "Pardubice"]
[Date "2019.07.18"]
[Round "4.32"]
[White "Varitski, Igor"]
[Black "Gagare, Shalmali"]
[Result "1/2-1/2"]
[WhiteElo "2244"]
[BlackElo "1940"]
[Annotator "TA"]
[PlyCount "98"]
[EventDate "2019.07.17"]
[EventType "swiss"]
[EventCountry "CZE"]
[SourceTitle "playchess.com"]
[Source "ChessBase"]
[SourceQuality "1"]

1. e4 e6 2. d4 d5 3. Nd2 c5 4. exd5 Qxd5 5. Ngf3 cxd4 6. Bc4 Qd6 7. O-O Nf6 8. Nb3 Nc6 9. Nbxd4 Nxd4 10. Nxd4 a6 11. b3 Qc7 12. Bb2 Bd6 13. h3 O-O 14. a4 Bd7 15. Qe2 e5 16. Nf3 e4 17. Ng5 Be5 18. c3 Rae8 19. Kh1 Bf4 20. h4 b5 21. axb5 axb5 22. Bxb5 Bxb5 23. Qxb5 Re5 24. Qc4 Rc5 25. Qd4 Bxg5 26. hxg5 Rxg5 27. g3 Qb7 28. Ra7 Qxb3 29. Ba3 Qb5 30. Kg1 Re8 31. Be7 Rg6 32. c4 Qh5 33. Bxf6 gxf6 34. Qd5 Rg5 35. Qc6 Rf8 36. Qxe4 Rg6 37. Qd5 f5 38. Ra8 Rxa8 39. Qxa8+ Kg7 40. Qd5 Rh6 41. Qg2 f4 42. f3 fxg3 43. Qb2+ f6 44. Qb7+ Qf7 45. Qxf7+ Kxf7 46. Kg2 Rh2+ 47. Kxg3 Rc2 48. Rh1 Rxc4 49. Rxh7+ Kg6 1/2-1/2

[Event "Czech Open Rapid 2019"]
[Site "Pardubice"]
[Date "2019.07.18"]
[Round "4.32"]
[White "Hagemann, Sven"]
[Black "Korchagin, Oleg"]
[Result "1-0"]
[WhiteElo "2014"]
[BlackElo "2056"]
[Annotator "NA RC"]
[PlyCount "59"]
[EventDate "2019.07.17"]
[EventType "swiss"]
[EventCountry "CZE"]
[SourceTitle "playchess.com"]
[Source "ChessBase"]
[SourceQuality "1"]

1. e4 g6 2. d4 Bg7 3. Nc3 c6 4. h3 d6 5. Be3 Qb6 6. Rb1 Qc7 7. Nf3 Nd7 8. Qd2 a6 9. Bc4 b5 10. Bxf7+ Kxf7 11. Ng5+ Ke8 12. Ne6 Qb8 13. Nxg7+ Kf7 14. Bh6 Ndf6 15. d5 b4 16. Ne2 Nxh6 17. Qxh6 cxd5 18. exd5 Nxd5 19. Nh5 Bf5 20. Qg7+ Ke6 21. Nhf4+ Nxf4 22. Nxf4+ Kd7 23. Nd5 Qd8 24. O-O Be6 25. Nxb4 Qa5 26. a3 Rhg8 27. Qd4 Qc5 28. Qe4 a5 29. Rfe1 Qf5 30. Qb7+ 1-0

[Event "Czech Open Rapid 2019"]
[Site "Pardubice"]
[Date "2019.07.18"]
[Round "4.33"]
[White "Lederman, Leon"]
[Black "Zdrazil, Jan"]
[Result "1-0"]
[WhiteElo "2238"]
[BlackElo "1846"]
[Annotator "NA"]
[PlyCount "57"]
[EventDate "2019.07.17"]
[EventType "swiss"]
[EventCountry "CZE"]
[SourceTitle "playchess.com"]
[Source "ChessBase"]
[SourceQuality "1"]

1. e4 c5 2. Nf3 d6 3. d4 cxd4 4. Nxd4 Nf6 5. Nc3 a6 6. f4 e5 7. Nf3 Qc7 8. Bd3 Be7 9. O-O O-O 10. Qe1 Nc6 11. fxe5 Nxe5 12. Nxe5 dxe5 13. Bg5 Be6 14. Kh1 Rfd8 15. Qh4 Rd4 16. Rf3 Qd8 17. Raf1 Nd5 18. Rg3 f6 19. Bh6 g5 20. Nxd5 Bxd5 21. Qh3 Bf7 22. Qf5 Bg6 23. Qe6+ Kh8 24. h4 gxh4 25. Rxg6 hxg6 26. Qf7 Qg8 27. Qxe7 Qh7 28. Qxf6+ Kg8 29. Qf8+ 1-0

[Event "Czech Open Rapid 2019"]
[Site "Pardubice"]
[Date "2019.07.18"]
[Round "4.33"]
[White "Svoboda, Petr"]
[Black "Maiorov, Nikita"]
[Result "1-0"]
[WhiteElo "2088"]
[BlackElo "2522"]
[Annotator "TA"]
[PlyCount "63"]
[EventDate "2019.07.17"]
[EventType "swiss"]
[EventCountry "CZE"]
[SourceTitle "playchess.com"]
[Source "ChessBase"]
[SourceQuality "1"]

1. Nf3 c5 2. b3 Nf6 3. Bb2 g6 4. e3 Bg7 5. d4 cxd4 6. exd4 d5 7. Bd3 O-O 8. O-O Nc6 9. a3 Ne4 10. h3 Bf5 11. Re1 Nd6 12. c4 Bxd3 13. Qxd3 e6 14. c5 Ne4 15. Nc3 f5 16. b4 a6 17. Bc1 Qf6 18. Be3 Nxc3 19. Bg5 Qf7 20. Qxc3 f4 21. Ne5 Qf5 22. Nxc6 bxc6 23. Be7 Rf7 24. Bd6 Re8 25. Rad1 f3 26. g4 Qg5 27. Kh2 Bf8 28. Bg3 h5 29. Re5 Qh6 30. g5 Qh7 31. h4 Be7 32. Rxe6 1-0

[Event "Czech Open Rapid 2019"]
[Site "Pardubice"]
[Date "2019.07.18"]
[Round "4.34"]
[White "Zwardon, Vojtech"]
[Black "Malygin, Vladislav"]
[Result "1/2-1/2"]
[WhiteElo "2492"]
[BlackElo "1795"]
[Annotator "TA"]
[PlyCount "180"]
[EventDate "2019.07.17"]
[EventType "swiss"]
[EventCountry "CZE"]
[SourceTitle "playchess.com"]
[Source "ChessBase"]
[SourceQuality "1"]

1. c4 e5 2. g3 Nc6 3. Bg2 f5 4. Nc3 Nf6 5. e3 d6 6. Nge2 g6 7. Rb1 Bg7 8. b4 e4 9. d4 O-O 10. h4 d5 11. b5 Ne7 12. Qa4 Be6 13. Nf4 Bf7 14. Ba3 dxc4 15. Bf1 Qd7 16. Bxc4 Bxc4 17. Qxc4+ Kh8 18. h5 g5 19. Ne6 h6 20. Nxf8 Rxf8 21. Qc5 Rf7 22. Qxa7 f4 23. gxf4 gxf4 24. Bxe7 Rxe7 25. Qa3 fxe3 26. fxe3 Ng4 27. Ne2 Rf7 28. Rg1 Rf3 29. Rb3 Qf5 30. Kd2 Rf2 31. Re1 Nh2 32. b6 cxb6 33. Kd1 Rf1 34. Qb4 Rxe1+ 35. Qxe1 Nf3 36. Qh1 Qa5 37. Nc3 Qa6 38. Nxe4 Qxa2 39. Qxf3 Qxb3+ 40. Ke2 Qb2+ 41. Nd2 Qb5+ 42. Kf2 Qb2 43. Ke1 Qa1+ 44. Qd1 Qc3 45. Ke2 Qc6 46. Qb1 Qd5 47. Qg6 b5 48. Ne4 b4 49. Nf6 Qc4+ 50. Kf2 Qa2+ 51. Kg3 Bxf6 52. Qxf6+ Kg8 53. Qg6+ Kf8 54. Qd6+ Kg8 55. Qb8+ Kf7 56. Qxb7+ Ke6 57. Qc6+ Kf7 58. Qd7+ Kf6 59. Qd6+ Qe6 60. Qf4+ Kg7 61. e4 Qc4 62. Qe5+ Kf7 63. Qf5+ Ke7 64. Qh7+ Kd8 65. d5 Qd3+ 66. Kg4 Qe2+ 67. Kf4 Qxh5 68. Qh8+ Ke7 69. d6+ Kxd6 70. Qf8+ Ke6 71. Qc8+ Ke7 72. Qb7+ Ke6 73. Qb6+ Kd7 74. Qd4+ Ke6 75. Qb6+ Kd7 76. Qxb4 Qg5+ 77. Kf3 Qh5+ 78. Ke3 Qg5+ 79. Kd4 Qg1+ 80. Kc4 Qc1+ 81. Kd4 Qg1+ 82. Kd5 Qd1+ 83. Ke5 Qh5+ 84. Kf6 Qg5+ 85. Kf7 Qf4+ 86. Kg6 Qg5+ 87. Kh7 Qe7+ 88. Qxe7+ Kxe7 89. Kxh6 Ke6 90. e5 Kxe5 1/2-1/2

[Event "Czech Open Rapid 2019"]
[Site "Pardubice"]
[Date "2019.07.18"]
[Round "4.34"]
[White "Yakimenko, Alexander A."]
[Black "MOGILNY, Jevgeni"]
[Result "1-0"]
[WhiteElo "2057"]
[BlackElo "1853"]
[Annotator "NA RC"]
[PlyCount "65"]
[EventDate "2019.07.17"]
[EventType "swiss"]
[EventCountry "CZE"]
[SourceTitle "playchess.com"]
[Source "ChessBase"]
[SourceQuality "1"]

1. e4 e5 2. Nf3 Nc6 3. Bb5 Nf6 4. d3 d6 5. h3 Bd7 6. O-O Be7 7. c3 O-O 8. Re1 a6 9. Ba4 b5 10. Bc2 Re8 11. Nbd2 Na5 12. b4 Nb7 13. Bb2 c5 14. Bb3 Bf8 15. Ng5 Be6 16. Nxe6 fxe6 17. a4 d5 18. exd5 exd5 19. c4 bxc4 20. dxc4 d4 21. Qf3 Qc7 22. b5 Kh8 23. Bc2 Nd6 24. Ne4 Nfxe4 25. Bxe4 Ra7 26. Bc6 e4 27. Rxe4 Rd8 28. Rf4 Be7 29. Bd5 Bf6 30. Rxf6 gxf6 31. Qxf6+ Qg7 32. Qxd8+ Ne8 33. Qxe8+ 1-0

[Event "Czech Open Rapid 2019"]
[Site "Pardubice"]
[Date "2019.07.18"]
[Round "4.35"]
[White "Ilkiv, Andrii"]
[Black "Gorbatenko, Alexander"]
[Result "1-0"]
[WhiteElo "1703"]
[BlackElo "2048"]
[Annotator "NA RC"]
[PlyCount "107"]
[EventDate "2019.07.17"]
[EventType "swiss"]
[EventCountry "CZE"]
[SourceTitle "playchess.com"]
[Source "ChessBase"]
[SourceQuality "1"]

1. d4 Nf6 2. c4 g6 3. Nc3 d5 4. cxd5 Nxd5 5. e4 Nxc3 6. bxc3 Bg7 7. h3 c5 8. Nf3 Nc6 9. Be3 Qa5 10. Qd2 cxd4 11. cxd4 Qxd2+ 12. Kxd2 O-O 13. Rb1 Rd8 14. Kc3 b6 15. Bb5 Bb7 16. Rhc1 Rac8 17. Kd3 e6 18. Rc4 Bf8 19. Bxc6 Bxc6 20. Rbc1 Bb5 21. Ne5 Bxc4+ 22. Rxc4 Rxc4 23. Nxc4 f6 24. f4 Kf7 25. g4 Bb4 26. a3 Bd6 27. a4 Bc7 28. Kc3 a6 29. Kb4 h5 30. g5 fxg5 31. fxg5 Ke7 32. Kc3 b5 33. axb5 axb5 34. Nb2 Bd6 35. Nd3 Rc8+ 36. Kb3 Rf8 37. e5 Bc7 38. Nf4 Kf7 39. Kb4 Rb8 40. h4 Bd8 41. Bd2 Be7+ 42. Kb3 Ra8 43. d5 exd5 44. e6+ Ke8 45. Nxd5 Ra3+ 46. Kb2 Rd3 47. Nc7+ Kd8 48. Ba5 Kc8 49. Kc2 Ra3 50. Bb6 b4 51. Nd5 Bd6 52. e7 Kd7 53. Bd8 Rh3 54. Nf6+ 1-0

[Event "Czech Open Rapid 2019"]
[Site "Pardubice"]
[Date "2019.07.18"]
[Round "4.36"]
[White "Castrillon Gomez, Melisa"]
[Black "Dovzhenko, Viktor"]
[Result "1-0"]
[WhiteElo "2253"]
[BlackElo "2031"]
[Annotator "NA"]
[PlyCount "97"]
[EventDate "2019.07.17"]
[EventType "swiss"]
[EventCountry "CZE"]
[SourceTitle "playchess.com"]
[Source "ChessBase"]
[SourceQuality "1"]

1. d4 g6 2. e4 Bg7 3. Nc3 a6 4. f4 d5 5. e5 h5 6. Be2 Nh6 7. Bf3 Bg4 8. Nxd5 Nc6 9. c3 O-O 10. Ne3 Bc8 11. Ne2 e6 12. Ng3 h4 13. Ne4 Ne7 14. g4 Nd5 15. Nxd5 exd5 16. Nf2 h3 17. Nxh3 Qh4+ 18. Nf2 c6 19. Be3 f6 20. Qe2 fxe5 21. fxe5 Be6 22. O-O-O Rf7 23. Rdg1 Raf8 24. Rg3 b5 25. Rh3 Qe7 26. Nd3 Rxf3 27. Rxf3 Bxg4 28. Rxf8+ Bxf8 29. Qd2 Nf5 30. Bg5 Qh7 31. Rg1 Bf3 32. Nf4 Kf7 33. Qf2 Be4 34. h4 a5 35. Qh2 b4 36. h5 Ke8 37. Qe2 bxc3 38. Qa6 cxb2+ 39. Kxb2 Qc7 40. Qa8+ Kf7 41. hxg6+ Kg8 42. Qxf8+ Kxf8 43. Ne6+ Kg8 44. Nxc7 Nxd4 45. Bf6 c5 46. e6 Nc6 47. e7 Nxe7 48. Bxe7 c4 49. Bf6 1-0

[Event "Czech Open Rapid 2019"]
[Site "Pardubice"]
[Date "2019.07.18"]
[Round "4.36"]
[White "Juchelka, Petr"]
[Black "Bares, Jachym"]
[Result "0-1"]
[WhiteElo "1691"]
[BlackElo "2015"]
[Annotator "NA RC"]
[PlyCount "48"]
[EventDate "2019.07.17"]
[EventType "swiss"]
[EventCountry "CZE"]
[SourceTitle "playchess.com"]
[Source "ChessBase"]
[SourceQuality "1"]

1. e4 e5 2. Nf3 Nc6 3. Bc4 Nf6 4. Nc3 Nxe4 5. Bxf7+ Kxf7 6. Nxe4 d5 7. Ng3 Bd6 8. d3 Rf8 9. Bg5 Qe8 10. Qe2 Kg8 11. O-O-O Bg4 12. h3 Nd4 13. Qe3 Bxf3 14. gxf3 Qa4 15. Kb1 Qxc2+ 16. Ka1 Rxf3 17. Qc1 Rxf2 18. Be3 Qxc1+ 19. Rxc1 Nc2+ 20. Rxc2 Rxc2 21. Nf5 Rf8 22. Nxd6 cxd6 23. Bxa7 Rf3 24. Bb8 Rc6 0-1

[Event "Czech Open Rapid 2019"]
[Site "Pardubice"]
[Date "2019.07.18"]
[Round "4.37"]
[White "Karsay, Pascal"]
[Black "Brejnik, Gustav"]
[Result "0-1"]
[WhiteElo "2169"]
[BlackElo "2017"]
[Annotator "TA"]
[PlyCount "115"]
[EventDate "2019.07.17"]
[EventType "swiss"]
[EventCountry "CZE"]
[SourceTitle "playchess.com"]
[Source "ChessBase"]
[SourceQuality "1"]

1. Nf3 d5 2. g3 Bg4 3. Bg2 c6 4. c4 Nd7 5. cxd5 cxd5 6. Qa4 Qc7 7. Nc3 Bxf3 8. Bxf3 e6 9. O-O Ngf6 10. d3 Be7 11. Bd2 O-O 12. Rfc1 Qb6 13. Rab1 Ne5 14. Bg2 Bc5 15. Be1 Neg4 16. Nd1 Rfc8 17. Rc2 Rc6 18. Rbc1 Rac8 19. h3 Ne5 20. Ba5 Qa6 21. b4 Bxb4 22. Qxb4 Rxc2 23. Rxc2 Rxc2 24. Qb3 Rc8 25. Bc3 Nfd7 26. Qb2 f6 27. Ne3 Nc6 28. Bd2 Qb6 29. Qa3 Qc5 30. Qb2 Nb6 31. h4 Nd4 32. Bf1 a5 33. h5 Rc7 34. h6 Na4 35. Qa1 Nc2 36. Nxc2 Qxc2 37. Bxa5 b6 38. Bb4 Nc3 39. hxg7 Kxg7 40. Qe1 Nxa2 41. Bd2 b5 42. Bh3 e5 43. Bf5 Nc3 44. Kg2 h5 45. g4 b4 46. d4 e4 47. Bf4 Rc4 48. e3 Qe2 49. Qa1 Qf3+ 50. Kh2 Qxf2+ 51. Kh3 hxg4+ 52. Kxg4 Qg2+ 53. Kh5 Na2 54. Be6 Qg6+ 55. Kh4 b3 56. Qb2 Rc2 57. Qxb3 Qh7+ 58. Kg4 0-1

[Event "Czech Open Rapid 2019"]
[Site "Pardubice"]
[Date "2019.07.18"]
[Round "4.38"]
[White "Zhuravlev, Stepan"]
[Black "Chrz, Pavel"]
[Result "1-0"]
[WhiteElo "2169"]
[BlackElo "2008"]
[Annotator "TA"]
[PlyCount "119"]
[EventDate "2019.07.17"]
[EventType "swiss"]
[EventCountry "CZE"]
[SourceTitle "playchess.com"]
[Source "ChessBase"]
[SourceQuality "1"]

1. d4 d5 2. c4 e6 3. Nc3 c5 4. cxd5 cxd4 5. Qa4+ Bd7 6. Qxd4 exd5 7. Qxd5 Nc6 8. a3 Nf6 9. Qd1 Bc5 10. e3 Qe7 11. b4 Bb6 12. Nf3 O-O-O 13. Qc2 Kb8 14. Be2 Rc8 15. Bb2 Ne5 16. O-O Bc7 17. Rad1 Bc6 18. e4 Nfg4 19. Nxe5 Qxe5 20. f4 Bb6+ 21. Kh1 Qh5 22. Bxg4 Qxg4 23. Qd3 f5 24. Qf3 Qh4 25. Nd5 Bd8 26. Be5+ Ka8 27. exf5 h5 28. Qg3 Qxg3 29. hxg3 h4 30. g4 h3 31. g3 h2 32. Bxg7 Rh7 33. f6 Bb6 34. b5 Bxb5 35. Rfe1 Bc6 36. g5 Rd8 37. Re5 Bc7 38. g6 Rh3 39. f7 Bxe5 40. f8=Q Rxf8 41. Bxf8 Rh5 42. fxe5 Rxe5 43. Kxh2 Rxd5 44. Rf1 Rh5+ 45. Kg1 Rh1+ 46. Kf2 Rxf1+ 47. Kxf1 Kb8 48. Ke2 Kc7 49. Ke3 Bd5 50. Kd4 Bb3 51. Ke5 Kd7 52. Kf6 Ke8 53. Bd6 Kd7 54. Bb4 b6 55. Kg7 a5 56. Bc3 Ke7 57. Kh8 b5 58. Bxa5 Kf6 59. g7 Kg5 60. g8=Q+ 1-0

[Event "Czech Open Rapid 2019"]
[Site "Pardubice"]
[Date "2019.07.18"]
[Round "4.39"]
[White "Chubar, Vladimir"]
[Black "Freisler, Pavel"]
[Result "1-0"]
[WhiteElo "1994"]
[BlackElo "2168"]
[Annotator "NA"]
[PlyCount "46"]
[EventDate "2019.07.17"]
[EventType "swiss"]
[EventCountry "CZE"]
[SourceTitle "playchess.com"]
[Source "ChessBase"]
[SourceQuality "1"]

1. Nf3 Nf6 2. d4 e6 3. Bg5 c5 4. e3 b6 5. d5 exd5 6. Nc3 Be7 7. Nxd5 Nxd5 8. Qxd5 Nc6 9. Bc4 O-O 10. O-O-O Rb8 11. Bf4 Rb7 12. a3 b5 13. Ba2 c4 14. c3 a5 15. h4 b4 16. axb4 axb4 17. Bxc4 bxc3 18. Ng5 Qb6 19. b3 Ba3+ 20. Kb1 c2+ 21. Ka1 cxd1=Q+ 22. Rxd1 Qa5 23. Qe4 Qc3+ 1-0

[Event "Czech Open Rapid 2019"]
[Site "Pardubice"]
[Date "2019.07.18"]
[Round "4.40"]
[White "Slovak, Kilian"]
[Black "Mindl, Josef"]
[Result "1-0"]
[WhiteElo "2163"]
[BlackElo "1986"]
[Annotator "NA"]
[PlyCount "59"]
[EventDate "2019.07.17"]
[EventType "swiss"]
[EventCountry "CZE"]
[SourceTitle "playchess.com"]
[Source "ChessBase"]
[SourceQuality "1"]

1. e4 e6 2. d4 d5 3. Nc3 Bb4 4. e5 c5 5. a3 Bxc3+ 6. bxc3 Qc7 7. Nf3 Ne7 8. a4 b6 9. Bb5+ Bd7 10. Be2 Nbc6 11. O-O O-O 12. Ba3 Na5 13. Nd2 f6 14. dxc5 bxc5 15. exf6 Rxf6 16. c4 Kh8 17. cxd5 exd5 18. Nb3 Rh6 19. g3 Nxb3 20. cxb3 Rc8 21. Rc1 Qb6 22. Bf3 Qe6 23. Bg2 Bc6 24. Re1 Qf7 25. Bxc5 Nf5 26. Ba3 Re8 27. Rxe8+ Qxe8 28. Bxd5 Bxd5 29. Qxd5 Ne7 30. Bxe7 1-0